|
|
|
|
| LEADER |
00000nab a2200000u 4500 |
| 001 |
vtls012291350 |
| 003 |
SK-MaSNL |
| 005 |
20260410124919.0 |
| 008 |
260211|2025 xo ||||||| || ||slo| |
| 038 |
|
|
|a KEVKJB
|
| 040 |
|
|
|a KEVKJB
|b slo
|e rda
|
| 041 |
0 |
|
|a slo
|
| 043 |
|
|
|a e-xo---
|
| 044 |
|
|
|a xo
|c SK
|
| 072 |
|
7 |
|a 681
|x Presná mechanika a prístroje. Hudobné nástroje
|2 konspekt
|
| 080 |
|
|
|a 681.11-051
|2 2011
|
| 100 |
1 |
|
|a Bercik Nitkulincová, Andrea
|4 aut
|9 1636627
|
| 245 |
1 |
0 |
|a Neznámy Košičan svetového významu. Práca hodinára Lehrnera bola revolučná z mnohých dôvodov
|c Andrea Bercik
|
| 300 |
|
|
|b Fotografie
|
| 336 |
|
|
|a text
|b txt
|2 rdacontent
|
| 337 |
|
|
|a bez média
|b n
|2 rdamedia
|
| 338 |
|
|
|a zväzok
|b nc
|2 rdacarrier
|
| 600 |
1 |
7 |
|a Lehrner, Johann,
|d 1790-1867
|2 kevkjb
|9 1601476
|
| 610 |
2 |
7 |
|a Východoslovenské múzeum
|2 SNKKA
|9 29561
|
| 650 |
0 |
7 |
|a výstavy
|2 SNKPH
|9 2780
|
| 650 |
0 |
7 |
|a hodiny
|2 SNKPH
|9 29684
|
| 650 |
0 |
7 |
|a hodinári
|2 SNKPH
|9 125291
|
| 651 |
|
7 |
|a Košice (Slovensko)
|2 SNKPHgeo
|9 18694
|
| 773 |
0 |
|
|t EastMag Košice
|g Roč. 1, č. 1 (2025), s. 26-27
|x 2989-4883
|
| 852 |
|
|
|a KEVKJB
|b KIS3GCP
|
| 856 |
4 |
1 |
|u https://eastmag.sk/2025/11/20/neznamy-kosican-svetoveho-vyznamu-praca-hodinara-lehrnera-bola-revolucna-z-mnohych-dovodov/
|
| 958 |
|
|
|a BX
|
| 999 |
|
|
|c 3296723
|d 3298653
|